000 00640nam a2200217Ia 4500
003 GCL
008 140319s9999 xx 000 0 ara d
040 _aGCL /
_cGCL
082 0 4 _a730.92
_bب م
100 1 _aبدرالدين ابوغازى
245 1 0 _aمختار /
_cبدرالدين ابوغازى
260 _a[S.N] :
_bالهيئة المصرية العامة للكتاب ،
_c1988
300 _a179
490 _a
650 0 4 _aالفنانون
650 0 4 _aالفنانون المصريون
650 0 4 _aالنحت
650 0 4 _aالفنون التشكيلية
650 0 4 _aمحمود مختار
942 _2ddc
_cBK
999 _c30045
_d30045